000 01041cam a22003137a 4500
020 _a9780230284456
020 _a0230284450
040 _cIAK
082 0 4 _a331 UNI 2010 A077 Or.
245 0 4 _aThe real wealth of nations :
_bpathways to human development /
250 _a20th anniversary ed.
260 _aNew York, NY :
_bUnited Nations Development Programme,
_c2010.
300 _axiii, 227 p. :
_bill. (some col.) ;
_c28 cm.
490 1 _aHuman development report ;
650 0 _aHuman capital.
650 0 _aHuman ecology.
650 0 _aHuman rights advocacy.
650 0 _aQuality of life.
650 0 _aPoverty.
650 0 _aProgress.
650 0 _aScience and civilization.
650 0 _aHuman capital
650 0 _aHuman capital
650 0 _aHuman capital
856 4 2 _uhttp://www.loc.gov/catdir/enhancements/fy1113/2010551711-b.html
856 4 2 _uhttp://www.loc.gov/catdir/enhancements/fy1113/2010551711-d.html
856 4 1 _uhttp://www.loc.gov/catdir/enhancements/fy1113/2010551711-t.html
942 _cEK
999 _c15542
_d15542